01269 am a2200289 a 450000500170000000800410001702000150005804100080007309200200008110000240010124501020012525000460022726000440027330000110031750001460032859000420047465300390051665300570055565300250061265300650063765301010070265300430080393000090084694200120085599900130086795200990088020240223092956.0100630s1997||||ag # f |||| 001 0 spa d a9508920467 aspa c614.01l50sLUZ1 aLuz, Madel T.91118 aNatural, Racional, Social.bRazón médica y racionalidad científica moderna / cMadel T. Luz a1a ed.bTraducción Viviana Martinovich. aBuenos Aires: bLugar Editorial;c1997. a143 p. aLuz, M. T. (1997). Natural, racional. social. Razón médica y racionalidad científica moderna. (1a ed.). Buenos Aires : Lugar Editorial. aDonación Editorial Lugar, Nov. 2005 aRacionalidad cientifica e historia aConstrucción de la racionalidad cientifica moderna aNaturaleza y razón aRacionalización en el periodo clásico de la edad moderna aDisciplina de las enfermedades y la razón social: categorias médico-sociales en el siglo XIX aRazón médica y pasión política a1367 2ddccBK c450d450 00104070aBFMbBFMcCRd2011-05-13l0o614.01 50 LUZp1367r2014-11-06tej.1w2011-05-13yBK